Statistics for Brasileiro Série A Teams 2021/22 - SOCCER

Click here to take the quiz!

General Stats

  • This quiz has been taken 111 times
  • The average score is 15 of 20

Answer Stats

TEAM% Correct
Santos
97%
Flamengo
96%
Palmeiras
93%
Fluminense
92%
Corinthians
91%
São Paulo
91%
Atlético Mineiro
84%
Internacional
79%
Internacional
79%
Grêmio
78%
Bahia
72%
Fortaleza
72%
América Mineiro
68%
Ceará
66%
Cuiabá
63%
Athletico Paranaense
61%
Atlético Goianiense
55%
Chapecoense
54%
Red Bull Bragantino
48%
Sport Recife
34%

Score Distribution

Percentile by Number Answered

Percent of People with Each Score

Your Score History

You have not taken this quiz